Quick Pick: Pixar Oscar Winners Quiz Stats

 Plays Quiz Updated Mar 4, 2018

Challenge
Share
Tweet
Embed
Score 0/9 Timer 01:00
1 Play Today
% Correct
Finding Nemo
80.7%
WALL-E
71.7%
Toy Story 3
69.8%
Up
69.2%
The Incredibles
59.5%
Inside Out
55.8%
Ratatouille
50.5%
Coco
48.9%
Brave
46.1%

Today's Daily Dose

Word Ladder
Bruno Mars Song

Get the Picture
Japanese Cars

You're not logged in!

Compare scores with friends on all Sporcle quizzes.
OR
Log In

You Might Also Like...

Show Comments

Extras

Top Quizzes Today


Score Distribution

Your Account Isn't Verified!

In order to create a playlist on Sporcle, you need to verify the email address you used during registration. Go to your Sporcle Settings to finish the process.

Report this User

Report this user for behavior that violates our Community Guidelines.

Details: